<?xml version="1.0" encoding="UTF-8"?>
<record
    xmlns:xsi="http://www.w3.org/2001/XMLSchema-instance"
    xsi:schemaLocation="http://www.loc.gov/MARC21/slim http://www.loc.gov/standards/marcxml/schema/MARC21slim.xsd"
    xmlns="http://www.loc.gov/MARC21/slim">

  <leader>004230000a22001570004500</leader>
  <datafield tag="082" ind1=" " ind2=" ">
    <subfield code="a">338.13 JOH/ES</subfield>
  </datafield>
  <datafield tag="100" ind1=" " ind2=" ">
    <subfield code="a">JOHL, S S</subfield>
    <subfield code="f">Author</subfield>
  </datafield>
  <datafield tag="100" ind1=" " ind2=" ">
    <subfield code="a">MOORE, C V</subfield>
    <subfield code="f">Author</subfield>
  </datafield>
  <datafield tag="245" ind1=" " ind2=" ">
    <subfield code="a">ESSENTIALS OF FARM FINANCIAL MANAGEMENT</subfield>
  </datafield>
  <datafield tag="260" ind1=" " ind2=" ">
    <subfield code="a">NEW DELHI, TODAY &amp; TOMORROW'S</subfield>
  </datafield>
  <datafield tag="260" ind1=" " ind2=" ">
    <subfield code="c">2009</subfield>
  </datafield>
  <datafield tag="300" ind1=" " ind2=" ">
    <subfield code="a">pages 152</subfield>
  </datafield>
  <datafield tag="650" ind1=" " ind2=" ">
    <subfield code="a">CENTRAL AND STATE COOPERATIVE BANKS</subfield>
  </datafield>
  <datafield tag="650" ind1=" " ind2=" ">
    <subfield code="a">VILLAGE LEVEL CREDIT SOCIETIES</subfield>
  </datafield>
  <datafield tag="942" ind1=" " ind2=" ">
    <subfield code="c">BK</subfield>
  </datafield>
  <datafield tag="999" ind1=" " ind2=" ">
    <subfield code="c">297257</subfield>
    <subfield code="d">297257</subfield>
  </datafield>
  <datafield tag="952" ind1=" " ind2=" ">
    <subfield code="0">0</subfield>
    <subfield code="1">0</subfield>
    <subfield code="4">0</subfield>
    <subfield code="7">0</subfield>
    <subfield code="a">KAUCOAP</subfield>
    <subfield code="b">KAUCOAP</subfield>
    <subfield code="d">2013-07-24</subfield>
    <subfield code="l">1</subfield>
    <subfield code="o">338.13 JOH/ES</subfield>
    <subfield code="p">KAU_COAP-08725</subfield>
    <subfield code="r">2020-02-11 00:00:00</subfield>
    <subfield code="s">2020-02-05</subfield>
    <subfield code="w">2013-07-24</subfield>
    <subfield code="y">BK</subfield>
  </datafield>
</record>
